[Event "Wch U16"]
[Site "Maribor"]
[Date "2012.11.18"]
[Round "11.47"]
[White "Foo, William"]
[Black "Djuricic, Domen"]
[Result "1-0"]
[WhiteElo "2072"]
[BlackElo "1868"]
[PlyCount "81"]
[EventDate "2012.11.08"]
[EventType "swiss"]
[EventRounds "11"]
[EventCountry "SLO"]
[SourceTitle "EXT 2013"]
[Source "ChessBase"]
[SourceDate "2012.11.22"]
[SourceVersion "1"]
[SourceVersionDate "2012.11.22"]
[SourceQuality "1"]

1. d4 d5 2. Nf3 Nf6 3. c4 e6 4. g3 Be7 5. Bg2 0-0 6. 0-0 b6 7. cxd5 exd5 8. Nc3 Bb7 9. Bf4 Nh5 10. Be3 Nd7 11. Rc1 c6 12. Ne5 Nxe5 13. dxe5 g6 14. Bh6 Ng7 15. Kh1 Re8 16. e4 d4 17. Ne2 c5 18. f4 f5 19. Qb3+ Kh8 20. Qf7 Rg8 21. Bg5 Bxg5 22. Qxb7 Bh6 23. exf5 Rb8 24. Qe4 Nxf5 25. Bf3 Qe7 26. Rg1 Rbd8 27. Qd3 Ne3 28. b3 Rgf8 29. Qe4 g5 30. fxg5 Bxg5 31. Nf4 Bxf4 32. gxf4 Qe6 33. Rg5 Rfe8 34. Rcg1 Re7 35. Be2 Qh6 36. Bc4 Nxc4 37. bxc4 Qe6 38. Qg2 Qxc4 39. Rg7 Qe6 40. f5 Qxe5 41. Rg8+ 1-0

[Event "Wch U16"]
[Site "Maribor"]
[Date "2012.11.14"]
[Round "7.47"]
[White "Foo, William"]
[Black "Vesce, Emanuele"]
[Result "1/2-1/2"]
[WhiteElo "2072"]
[BlackElo "1880"]
[PlyCount "42"]
[EventDate "2012.11.08"]
[EventType "swiss"]
[EventRounds "11"]
[EventCountry "SLO"]
[SourceTitle "EXT 2013"]
[Source "ChessBase"]
[SourceDate "2012.11.22"]
[SourceVersion "1"]
[SourceVersionDate "2012.11.22"]
[SourceQuality "1"]

1. f4 g6 2. Nf3 Bg7 3. g3 d5 4. Bg2 c5 5. 0-0 Nf6 6. e3 Nc6 7. d3 0-0 8. Qe2 Re8 9. e4 Bg4 10. c3 c4 11. e5 cxd3 12. Qxd3 Ne4 13. Be3 Na5 14. Na3 b6 15. Nd4 Bf5 16. Qe2 Qc8 17. Bf3 f6 18. Rad1 Bh3 19. Bg2 Bxg2 20. Qxg2 fxe5 21. fxe5 e6 1/2-1/2

[Event "Wch U16"]
[Site "Maribor"]
[Date "2012.11.12"]
[Round "6.39"]
[White "De Abreu, Roberto N"]
[Black "Foo, William"]
[Result "1-0"]
[WhiteElo "1988"]
[BlackElo "2072"]
[PlyCount "81"]
[EventDate "2012.11.08"]
[EventType "swiss"]
[EventRounds "11"]
[EventCountry "SLO"]
[SourceTitle "EXT 2013"]
[Source "ChessBase"]
[SourceDate "2012.11.22"]
[SourceVersion "1"]
[SourceVersionDate "2012.11.22"]
[SourceQuality "1"]

1. d4 d5 2. c4 c6 3. Nf3 Nf6 4. e3 a6 5. Bd3 Bg4 6. 0-0 Nbd7 7. h3 Bh5 8. Nbd2 e6 9. b3 Bg6 10. Qc2 c5 11. Bb2 Rc8 12. Rac1 Be7 13. Rfd1 cxd4 14. exd4 dxc4 15. bxc4 Qb6 16. Bxg6 hxg6 17. Re1 0-0 18. Qb3 Bb4 19. Re2 Bxd2 20. Nxd2 Qc6 21. Re3 Rfd8 22. Rd3 Qd6 23. Ba3 Qb8 24. Rb1 Qf4 25. Nf3 Qf5 26. Re3 g5 27. Be7 Re8 28. Bxf6 Qxf6 29. Rbe1 Rc7 30. Ne5 Nxe5 31. Rxe5 Rd8 32. d5 b5 33. cxb5 exd5 34. bxa6 d4 35. Qd3 g6 36. Re8+ Rxe8 37. Rxe8+ Kh7 38. Re4 Rc1+ 39. Kh2 Qxf2 40. Qxd4 Qf1 41. Re8 1-0

[Event "Trans Europa Schach Express"]
[Site "Potsdam"]
[Date "2012.10.14"]
[Round "8.6"]
[White "Foo, William"]
[Black "Huber, Martin Christian"]
[Result "1-0"]
[WhiteElo "2072"]
[BlackElo "2150"]
[PlyCount "75"]
[EventDate "2012.10.13"]
[EventType "team-tourn"]
[EventRounds "9"]
[EventCountry "GER"]
[SourceTitle "CBM 150 Extra"]
[Source "ChessBase"]
[SourceDate "2012.10.19"]
[SourceVersion "1"]
[SourceVersionDate "2012.10.19"]
[SourceQuality "1"]
[WhiteTeam "Great Britain"]
[BlackTeam "Austria"]
[WhiteTeamCountry "GBR"]
[BlackTeamCountry "AUT"]

1. e4 e5 2. Nf3 Nc6 3. Bb5 a6 4. Ba4 Nf6 5. Qe2 d6 6. c3 b5 7. Bb3 Be7 8. a4 Rb8 9. d4 exd4 10. axb5 axb5 11. 0-0 Bg4 12. h3 Bxf3 13. Qxf3 dxc3 14. Nxc3 Nd4 15. Qd1 Nxb3 16. Qxb3 0-0 17. Rd1 b4 18. Nd5 Nxd5 19. Rxd5 c6 20. Rd1 Qb6 21. Bf4 c5 22. Qg3 Rbd8 23. Rd5 Ra8 24. Rad1 Rfd8 25. h4 c4 26. h5 c3 27. h6 g6 28. bxc3 b3 29. Qd3 b2 30. Rb5 Qxb5 31. Qxb5 Ra1 32. Qd3 Rxd1+ 33. Qxd1 Ra8 34. Kh2 Ra1 35. Qd4 Bf8 36. Bxd6 b1Q 37. Bxf8 Kxf8 38. Qd8# 1-0

[Event "GBR-ch 99th"]
[Site "North Shields"]
[Date "2012.08.03"]
[Round "11"]
[White "Foo, William"]
[Black "Sugden, John N"]
[Result "1-0"]
[WhiteElo "2009"]
[BlackElo "2142"]
[PlyCount "115"]
[EventDate "2012.07.23"]
[EventType "swiss"]
[EventRounds "11"]
[EventCountry "ENG"]
[SourceTitle "CBM 149 Extra"]
[Source "ChessBase"]
[SourceDate "2012.08.24"]
[SourceVersion "1"]
[SourceVersionDate "2012.08.24"]
[SourceQuality "1"]

1. d4 Nf6 2. c4 e6 3. g3 c5 4. d5 exd5 5. cxd5 d6 6. Nc3 g6 7. Nf3 Bg7 8. Bg2 0-0 9. 0-0 Re8 10. Nd2 a6 11. a4 Nbd7 12. Nc4 Nb6 13. Na3 Bd7 14. Bf4 Nc8 15. Nc4 Qc7 16. e4 Nh5 17. Bd2 Rb8 18. a5 b5 19. axb6 Nxb6 20. Na5 Nc8 21. Nc6 Rxb2 22. Rxa6 Rb6 23. Rxb6 Qxb6 24. Qa4 Ne7 25. Rb1 Bxc6 26. Rxb6 Bxa4 27. Nxa4 Ra8 28. Nc3 Be5 29. f4 Bd4+ 30. Kf1 Nc8 31. Rc6 Ng7 32. Nb5 Ne8 33. Nxd4 cxd4 34. Rc4 Nb6 35. Rxd4 Nd7 36. Ke2 Nef6 37. Bb4 Ra6 38. Kf3 h5 39. Bf1 Rb6 40. h3 Kg7 41. Bd3 Ne8 42. Rc4 f6 43. Ke3 Kf7 44. Bc3 Rb3 45. Bd4 Ke7 46. Rc2 Rb1 47. Rb2 Rxb2 48. Bxb2 Nc7 49. Kd4 Nc5 50. Bc4 Nd7 51. Ba3 Ne8 52. Bb5 Nc7 53. Bxd7 Kxd7 54. Kc4 Ne8 55. Bb2 Ke7 56. e5 fxe5 57. fxe5 Kd7 58. e6+ 1-0

[Event "GBR-ch 99th"]
[Site "North Shields"]
[Date "2012.08.02"]
[Round "10"]
[White "Osborne, Marcus E"]
[Black "Foo, William"]
[Result "1-0"]
[WhiteElo "2245"]
[BlackElo "2009"]
[PlyCount "61"]
[EventDate "2012.07.23"]
[EventType "swiss"]
[EventRounds "11"]
[EventCountry "ENG"]
[SourceTitle "CBM 149 Extra"]
[Source "ChessBase"]
[SourceDate "2012.08.24"]
[SourceVersion "1"]
[SourceVersionDate "2012.08.24"]
[SourceQuality "1"]

1. d4 d5 2. c4 c6 3. Nc3 Nf6 4. Nf3 a6 5. e3 b5 6. b3 Bg4 7. Bd2 Nbd7 8. h3 Bh5 9. g4 Bg6 10. Nh4 e6 11. Nxg6 hxg6 12. g5 b4 13. Nxd5 Nxd5 14. cxd5 exd5 15. Qc2 c5 16. dxc5 Bxc5 17. h4 Qe7 18. Bg2 Nb6 19. Rc1 Rc8 20. Kf1 0-0 21. Bh3 f5 22. Qd3 Qe4 23. Ke2 Nd7 24. f3 Qe6 25. f4 Rfe8 26. h5 d4 27. hxg6 Rf8 28. e4 Nb6 29. Kf1 Qxe4 30. Qxe4 fxe4 31. Be6+ 1-0

[Event "GBR-ch 99th"]
[Site "North Shields"]
[Date "2012.08.01"]
[Round "9"]
[White "Foo, William"]
[Black "Hanley, Craig"]
[Result "1/2-1/2"]
[WhiteElo "2009"]
[BlackElo "2419"]
[PlyCount "143"]
[EventDate "2012.07.23"]
[EventType "swiss"]
[EventRounds "11"]
[EventCountry "ENG"]
[SourceTitle "CBM 149 Extra"]
[Source "ChessBase"]
[SourceDate "2012.08.24"]
[SourceVersion "1"]
[SourceVersionDate "2012.08.24"]
[SourceQuality "1"]

1. e4 e5 2. Nf3 Nc6 3. Bb5 a6 4. Ba4 d6 5. 0-0 Bd7 6. c3 Nf6 7. Bc2 g6 8. d4 Bg7 9. h3 0-0 10. Bg5 h6 11. Be3 Qc8 12. Qd2 Kh7 13. d5 Ne7 14. c4 Nh5 15. Nc3 f5 16. exf5 Bxf5 17. Ne4 Nf6 18. Ng3 Bxc2 19. Qxc2 Nf5 20. Ne4 c6 21. Nxf6+ Rxf6 22. Qe4 cxd5 23. cxd5 Qd7 24. Rac1 Rff8 25. Nd2 Rae8 26. Nc4 Nd4 27. Rfe1 h5 28. Nb6 Qd8 29. Rc8 Qxb6 30. Bxd4 Qb4 31. Rxe8 Rxe8 32. Bc3 Qc5 33. Re3 Rf8 34. Rf3 Rf6 35. Kh2 Rxf3 36. Qxf3 Qc4 37. g4 hxg4 38. hxg4 Kg8 39. Qd1 Bh6 40. a3 Kf7 41. Qf3+ Ke7 42. Kg1 Bg5 43. Bb4 Qc2 44. Kg2 Bh4 45. Qe3 Kd7 46. Qf3 Ke7 47. Qe3 Qxb2 48. Qa7 Kf6 49. Qe3 Qa2 50. g5+ Bxg5 51. Qe4 Bf4 52. Bxd6 b5 53. Bb4 Qc4 54. Qf3 Qc8 55. d6 g5 56. Qd5 Qe6 57. Qd1 Qd7 58. f3 Be3 59. Qh1 Kg7 60. Qe1 Bd4 61. Qc1 Kf6 62. Qh1 Qf5 63. Qh8+ Kf7 64. Qh5+ Kg7 65. Bd2 e4 66. Qxg5+ Qxg5+ 67. Bxg5 exf3+ 68. Kxf3 Bf6 69. Bxf6+ Kxf6 70. d7 Ke7 71. Ke4 Kxd7 72. Kd5 1/2-1/2

[Event "GBR-ch 99th"]
[Site "North Shields"]
[Date "2012.07.26"]
[Round "4"]
[White "Foo, William"]
[Black "Murphy, Hugh"]
[Result "1-0"]
[WhiteElo "2009"]
[BlackElo "2180"]
[PlyCount "77"]
[EventDate "2012.07.23"]
[EventType "swiss"]
[EventRounds "11"]
[EventCountry "ENG"]
[SourceTitle "CBM 149 Extra"]
[Source "ChessBase"]
[SourceDate "2012.08.24"]
[SourceVersion "1"]
[SourceVersionDate "2012.08.24"]
[SourceQuality "1"]

1. e4 c6 2. d4 d5 3. e5 Bf5 4. c4 e6 5. Nc3 Nd7 6. Nf3 Ne7 7. cxd5 Nxd5 8. Bd3 Bxd3 9. Qxd3 Nxc3 10. bxc3 Nb6 11. 0-0 Be7 12. Re1 Qd5 13. Nd2 Rd8 14. a4 0-0 15. a5 Nd7 16. Qg3 c5 17. Ne4 Rfe8 18. Bh6 g6 19. Qf4 cxd4 20. cxd4 Qxd4 21. Bg5 Bxg5 22. Qxg5 h6 23. Qg3 Kg7 24. Nd6 Rf8 25. Nxb7 Rc8 26. Rad1 Qb4 27. Rb1 Qc3 28. f4 Qc2 29. Qe3 Rc3 30. Qxa7 Rfc8 31. Nd6 R8c7 32. Ne8+ Kh7 33. Nxc7 Rxc7 34. Qd4 Qf5 35. a6 Qg4 36. h3 Qg3 37. Qe3 Qh4 38. a7 Rc8 39. Ra1 1-0

[Event "London e2e4 Diamond Jubilee op"]
[Site "London"]
[Date "2012.06.05"]
[Round "6"]
[White "Foo, William"]
[Black "Jaunooby, Ali Reza"]
[Result "1-0"]
[WhiteElo "1959"]
[BlackElo "2158"]
[PlyCount "35"]
[EventDate "2012.06.02"]
[EventType "swiss"]
[EventRounds "9"]
[EventCountry "ENG"]
[SourceTitle "CBM 148 Extra"]
[Source "ChessBase"]
[SourceDate "2012.06.22"]
[SourceVersion "1"]
[SourceVersionDate "2012.06.22"]
[SourceQuality "1"]

1. e4 g6 2. d4 c5 3. Nf3 Bg7 4. dxc5 Qa5+ 5. c3 Qxc5 6. Na3 Bxc3+ 7. bxc3 Qxc3+ 8. Qd2 Qxa1 9. Nb5 Nc6 10. Nc7+ Kd8 11. Nxa8 d6 12. Bb5 Be6 13. Bxc6 bxc6 14. Nd4 Kd7 15. Nxe6 fxe6 16. 0-0 Nf6 17. Qb4 Rd8 18. Bb2 1-0

[Event "London e2e4 Diamond Jubilee op"]
[Site "London"]
[Date "2012.06.05"]
[Round "7"]
[White "Foo, William"]
[Black "Sowray, Peter John"]
[Result "0-1"]
[WhiteElo "1959"]
[BlackElo "2376"]
[PlyCount "76"]
[EventDate "2012.06.02"]
[EventType "swiss"]
[EventRounds "9"]
[EventCountry "ENG"]
[SourceTitle "CBM 148 Extra"]
[Source "ChessBase"]
[SourceDate "2012.06.22"]
[SourceVersion "1"]
[SourceVersionDate "2012.06.22"]
[SourceQuality "1"]

1. e4 c5 2. Nf3 e6 3. d4 cxd4 4. Nxd4 Nf6 5. Nc3 d6 6. g4 h6 7. Be3 Nc6 8. h3 a6 9. Qd2 Bd7 10. f4 Rc8 11. Bd3 Be7 12. 0-0-0 Qa5 13. Nb3 Qc7 14. Qf2 b5 15. Kb1 Nb4 16. g5 Nxd3 17. cxd3 hxg5 18. fxg5 Nh5 19. Rc1 Qb7 20. Rhf1 0-0 21. Qh4 g6 22. Nd1 e5 23. Rxc8 Rxc8 24. Nc3 Be6 25. Rc1 b4 26. Ne2 Rxc1+ 27. Nbxc1 d5 28. Ng3 Nxg3 29. Qxg3 Bd6 30. exd5 Qxd5 31. Ka1 a5 32. h4 a4 33. Qf2 a3 34. bxa3 bxa3 35. Qc2 Bf5 36. Qb3 Qh1 37. Qb6 Bf8 38. Kb1 Bxd3+ 0-1

[Event "London e2e4 Diamond Jubilee op"]
[Site "London"]
[Date "2012.06.04"]
[Round "5"]
[White "Sreeves, Clement"]
[Black "Foo, William"]
[Result "1-0"]
[WhiteElo "2209"]
[BlackElo "1959"]
[PlyCount "113"]
[EventDate "2012.06.02"]
[EventType "swiss"]
[EventRounds "9"]
[EventCountry "ENG"]
[SourceTitle "CBM 148 Extra"]
[Source "ChessBase"]
[SourceDate "2012.06.22"]
[SourceVersion "1"]
[SourceVersionDate "2012.06.22"]
[SourceQuality "1"]

1. e4 c5 2. Nf3 e6 3. d4 cxd4 4. Nxd4 Nf6 5. Nc3 Nc6 6. Ndb5 Bb4 7. a3 Bxc3+ 8. Nxc3 d5 9. exd5 exd5 10. Bd3 0-0 11. 0-0 d4 12. Ne2 Re8 13. b4 Bg4 14. f3 Bh5 15. Nf4 Bg6 16. Nxg6 hxg6 17. f4 Nd5 18. Qf3 Ne3 19. Re1 Qb6 20. Bd2 Nxc2 21. Bxc2 d3+ 22. Qf2 Qxf2+ 23. Kxf2 dxc2 24. Rxe8+ Rxe8 25. Rc1 Nd4 26. Be3 Re4 27. g3 Kf8 28. Bxd4 Rxd4 29. Rxc2 Re4 30. Kf3 Re6 31. Rc8+ Re8 32. Rxe8+ Kxe8 33. Ke4 Kd7 34. Kd5 Kc7 35. g4 Kd7 36. h4 Ke7 37. a4 Kd7 38. a5 Kc7 39. Kc5 Kd7 40. Kd5 Kc7 41. f5 gxf5 42. gxf5 Kd7 43. b5 Ke7 44. Ke5 Kd7 45. Kf4 f6 46. Ke4 Kd6 47. Kd4 a6 48. Kc4 Ke5 49. bxa6 bxa6 50. Kc5 Kxf5 51. Kb6 Kg4 52. Kxa6 f5 53. Kb6 f4 54. a6 f3 55. a7 f2 56. a8Q f1Q 57. Qe4+ 1-0

[Event "London e2e4 Diamond Jubilee op"]
[Site "London"]
[Date "2012.06.03"]
[Round "2"]
[White "Foo, William"]
[Black "Berry, Neil"]
[Result "1/2-1/2"]
[WhiteElo "1959"]
[BlackElo "2308"]
[PlyCount "60"]
[EventDate "2012.06.02"]
[EventType "swiss"]
[EventRounds "9"]
[EventCountry "ENG"]
[SourceTitle "CBM 148 Extra"]
[Source "ChessBase"]
[SourceDate "2012.06.22"]
[SourceVersion "1"]
[SourceVersionDate "2012.06.22"]
[SourceQuality "1"]

1. e4 e5 2. Nf3 Nc6 3. Bb5 Nf6 4. Qe2 a6 5. Ba4 Be7 6. 0-0 b5 7. Bb3 d6 8. a4 Rb8 9. axb5 axb5 10. Nc3 b4 11. Nd5 0-0 12. Qc4 Bd7 13. Ra6 Nxd5 14. exd5 Nd4 15. Nxd4 exd4 16. Ba4 Bf6 17. Bxd7 Qxd7 18. Ra7 Rfc8 19. b3 Rb5 20. Bb2 Rc5 21. Qxb4 Rxd5 22. Rfa1 h6 23. Qb7 Qe6 24. Qxc8+ Qxc8 25. Ra8 Qxa8 26. Rxa8+ Kh7 27. Ra4 Rc5 28. Rc4 Rxc4 29. bxc4 Kg6 30. d3 Kf5 1/2-1/2

[Event "Bournemouth op"]
[Site "Bournemouth"]
[Date "2012.04.22"]
[Round "5"]
[White "Therrien, Alex L"]
[Black "Foo, William"]
[Result "1/2-1/2"]
[WhiteElo "2239"]
[BlackElo "1959"]
[PlyCount "100"]
[EventDate "2012.04.20"]
[EventType "swiss"]
[EventRounds "5"]
[EventCountry "ENG"]
[SourceTitle "CBM 148 Extra"]
[Source "ChessBase"]
[SourceDate "2012.06.22"]
[SourceVersion "1"]
[SourceVersionDate "2012.06.22"]
[SourceQuality "1"]

1. d4 d5 2. Nf3 Nf6 3. c4 c6 4. e3 a6 5. Nbd2 Bg4 6. h3 Bh5 7. g4 Bg6 8. Ne5 Nbd7 9. h4 dxc4 10. h5 Be4 11. Nxe4 Nxe4 12. Nxc4 e5 13. Bd3 Ng5 14. dxe5 Nxe5 15. Nxe5 Qa5+ 16. Ke2 Qxe5 17. Qb3 Qc7 18. Bf5 c5 19. Rd1 c4 20. Qc3 Ne6 21. b3 Rc8 22. Qxc4 Qxc4+ 23. bxc4 Rxc4 24. Bb2 Bb4 25. h6 0-0 26. hxg7 Nxg7 27. Bd3 Rxg4 28. Rg1 Rxg1 29. Rxg1 f6 30. Rh1 h5 31. Rc1 Bd6 32. Be4 Ne6 33. Rh1 Kf7 34. Rxh5 Ng5 35. Bxb7 Rb8 36. Bd5+ Kg6 37. Rxg5+ Kxg5 38. Bd4 f5 39. Kf3 a5 40. a4 Rb4 41. Bc6 Rc4 42. Be8 Rc2 43. Bb6 Bc7 44. Bd4 Bh2 45. Kg2 Bd6 46. Kf3 Bb4 47. Bb6 Kh6 48. e4 fxe4+ 49. Kxe4 Bc5 50. Kd3 Bxb6 1/2-1/2

[Event "Bournemouth op"]
[Site "Bournemouth"]
[Date "2012.04.21"]
[Round "3"]
[White "Mason, Donald"]
[Black "Foo, William"]
[Result "1-0"]
[WhiteElo "2227"]
[BlackElo "1959"]
[PlyCount "73"]
[EventDate "2012.04.20"]
[EventType "swiss"]
[EventRounds "5"]
[EventCountry "ENG"]
[SourceTitle "CBM 148 Extra"]
[Source "ChessBase"]
[SourceDate "2012.06.22"]
[SourceVersion "1"]
[SourceVersionDate "2012.06.22"]
[SourceQuality "1"]

1. d4 d5 2. c4 c6 3. Nc3 Nf6 4. Nf3 a6 5. c5 g6 6. h3 Bg7 7. Bf4 Nbd7 8. e3 0-0 9. Be2 b6 10. cxb6 Qxb6 11. b3 Ne4 12. Nxe4 dxe4 13. Nd2 e5 14. dxe5 Nxe5 15. 0-0 Rd8 16. Qc2 Nd3 17. Nc4 Qc5 18. Rad1 Bf5 19. g4 Be6 20. Bxd3 exd3 21. Rxd3 Qe7 22. Rfd1 Rxd3 23. Qxd3 Qh4 24. Kg2 f5 25. Qd6 Bf7 26. Qxc6 Rd8 27. Rxd8+ Qxd8 28. Qd6 Qa8+ 29. f3 Bd5 30. Qb8+ Kf7 31. Nd6+ Ke6 32. gxf5+ gxf5 33. Qxa8 Bxa8 34. Ne8 Be5 35. Bxe5 Kxe5 36. Kf2 Bc6 37. f4+ 1-0

[Event "BCF-chTb 1112 (4NCL)"]
[Site "England"]
[Date "2012.02.12"]
[Round "6.76"]
[White "Foo, William"]
[Black "Churm, Rohan"]
[Result "0-1"]
[WhiteElo "1941"]
[BlackElo "2161"]
[PlyCount "72"]
[EventDate "2011.11.12"]
[EventType "team-tourn"]
[EventRounds "7"]
[EventCountry "ENG"]
[SourceTitle "EXT 2013"]
[Source "ChessBase"]
[SourceDate "2012.11.22"]
[SourceVersion "1"]
[SourceVersionDate "2012.11.22"]
[SourceQuality "1"]
[WhiteTeam "Oxford"]
[BlackTeam "Cambridge"]
[WhiteTeamCountry "ENG"]
[BlackTeamCountry "ENG"]

1. e4 e6 2. d4 d5 3. Nc3 Nf6 4. e5 Nfd7 5. f4 c5 6. Nf3 Nc6 7. Be3 a6 8. Qd2 b5 9. a4 Qa5 10. Ne2 Qxd2+ 11. Kxd2 bxa4 12. Nc3 a3 13. b3 Bb7 14. Na4 cxd4 15. Nxd4 Nxd4 16. Bxd4 Be7 17. Bd3 Bc6 18. Nc3 0-0 19. Nb1 f6 20. exf6 gxf6 21. Re1 e5 22. Bf5 Nc5 23. g4 Ne4+ 24. Bxe4 dxe4 25. Be3 exf4 26. Bxf4 f5 27. Rg1 Bc5 28. Rg3 Bf2 29. Rc3 Bd4 30. gxf5 Rxf5 31. Rg3+ Kf7 32. c3 Bf2 33. Be3 Bxg3 34. hxg3 Rf1 35. Kc2 Rg8 36. Bf4 e3 0-1

[Event "Wch U14"]
[Site "Caldas Novas"]
[Date "2011.11.22"]
[Round "5"]
[White "Oparin, Grigoriy"]
[Black "Foo, William"]
[Result "1-0"]
[WhiteElo "2476"]
[BlackElo "1925"]
[PlyCount "73"]
[EventDate "2011.11.18"]
[EventType "swiss"]
[EventRounds "9"]
[EventCountry "BRA"]
[SourceTitle "EXT 2013"]
[Source "ChessBase"]
[SourceDate "2012.11.22"]
[SourceVersion "1"]
[SourceVersionDate "2012.11.22"]
[SourceQuality "1"]

1. e4 c6 2. d4 d5 3. e5 c5 4. dxc5 e6 5. a3 Nc6 6. Nf3 Bxc5 7. b4 Bb6 8. Bb2 Nge7 9. Bd3 Ng6 10. 0-0 Bd7 11. g3 f6 12. exf6 gxf6 13. b5 Na5 14. Ng5 Qe7 15. Qd2 e5 16. Nc3 Qd6 17. Bxg6+ hxg6 18. Nge4 Qe6 19. Nxd5 0-0-0 20. Qc3+ Kb8 21. Nexf6 Ka8 22. Nxd7 Qxd7 23. Nxb6+ axb6 24. Rad1 Qxd1 25. Rxd1 Rxd1+ 26. Kg2 Rd5 27. Qc7 Rxb5 28. Bxe5 Re8 29. Bd4 Nc6 30. Bxb6 Rd8 31. a4 Rbd5 32. a5 R5d7 33. Qf4 Re8 34. Qf6 Ne5 35. Bc5 Rd2 36. Qb6 Kb8 37. a6 1-0

[Event "Gatwick e2e4 int op-A"]
[Site "Gatwick"]
[Date "2011.10.30"]
[Round "8"]
[White "Foo, William"]
[Black "Tarhon, Brian"]
[Result "1-0"]
[WhiteElo "1931"]
[BlackElo "1706"]
[PlyCount "65"]
[EventDate "2011.10.26"]
[EventType "swiss"]
[EventRounds "9"]
[EventCountry "ENG"]
[SourceTitle "EXT 2014"]
[Source "ChessBase"]
[SourceDate "2013.11.20"]
[SourceVersion "1"]
[SourceVersionDate "2013.11.20"]
[SourceQuality "1"]

1. d4 d5 2. c4 e6 3. Nf3 Be7 4. g3 Nf6 5. Bg2 0-0 6. 0-0 Nbd7 7. cxd5 exd5 8. Nc3 c6 9. Bg5 h6 10. Bf4 Re8 11. Rc1 Nf8 12. Ne5 Bf5 13. Na4 Ng6 14. Nxg6 Bxg6 15. Qb3 Qd7 16. Be3 Ne4 17. f3 Nd6 18. Nc5 Qc8 19. Bf4 b6 20. Nd3 Bxd3 21. Qxd3 Qd7 22. e4 Nb7 23. Qd2 Rad8 24. Rfd1 c5 25. dxc5 Bxc5+ 26. Kh1 d4 27. b4 g5 28. bxc5 Nxc5 29. Bxg5 hxg5 30. Qxg5+ Kh8 31. Rc4 d3 32. e5 Qe6 33. Rh4+ 1-0